000 00645nam a2200229Ia 4500
005 20260429112309.0
008 260429s9999||||xx |||||||||||||| ||und||
020 _a9789348385499
041 _aEnglish
082 _a362.1
_bLAL
100 _aLal, Sunder
245 0 _aPublic health management, principles and practice /
_cSunder Lal
250 _a4th ed.
260 _aNew Delhi :
_bCBS Publishers & Distributors,
_c2025.
300 _axviii, 358 p.; pbk
650 _a Community medicine
650 _a Health administration
650 _a Health services management
650 _aPublic health
700 _a Vikas
942 _cTB
999 _c53367
_d53367